Statistics for Country Flag-Shape Picture Quiz #8

Click here to take the quiz!

General Stats

  • This quiz has been taken 1,611 times
    (774 since last reset)
  • The average score is 14 of 16

Answer Stats

Answer% Correct
Ireland
97%
Iraq
96%
Bangladesh
93%
Kenya
93%
Vatican City
92%
Netherlands
92%
Cambodia
91%
Laos
89%
Slovenia
89%
Bulgaria
88%
Ghana
86%
Libya
86%
Ecuador
84%
Ethiopia
83%
Paraguay
81%
Malawi
76%

Score Distribution

Percentile by Number Answered

Percent of People with Each Score

Your Score History

You have not taken this quiz since the last reset